Alliterative Popular People Pairs Quiz Stats

 Plays Quiz Updated Feb 25, 2019

Score 0/24 Timer 07:00
0 Plays Today
Description Alliterative People Pairs % Correct
Classic fairy tale couple; Disney's Belle and the 'wild' guy she grew to loveBeauty and Beast
90.6%
Nursery rhyme kids who climbed up that hillJack and Jill
90.4%
The Rubbles from The FlintstonesBetty and Barney
83.1%
The on-again/off-again couple on Friends who ended up togetherRoss and Rachel
79.2%
These men both owned circuses & combined them in 1881. (Ringling Bros. bought the circus in 1907 & combined it with theirs in 1919.)Barnum and Bailey
74.9%
Ron Weasley's two best friendsHarry and Hermione
72.6%
Brothers who started self-named company in 1886 that manufactures brands including medications, skin & beauty products, & first aid suppliesJohnson & Johnson
70.3%
1978-82 TV show title characters played by Robin Williams as an alien and Pam Dawber as the girl he lived withMork and Mindy
70.3%
Comedy duo of the 1970's & '80s whose routines were based on the hippie era & drug culture; starred in the movie 'Up in Smoke'Cheech and Chong
69.4%
Children's book characters created by Johnny Gruelle, later sold as rag dollsAnn and Andy
65.9%
The Van Pelt siblings in the Peanuts' comic stripLinus and Lucy
64.7%
Alice in Wonderland met this chubby pair of boysTweedledum and Tweedledee
64.5%
Description Alliterative People Pairs % Correct
In Roman mythology, they were the founders of Rome; nursed by a she-wolf as infant boysRomulus and Remus
57.6%
Animated characters created by Mike Judge; teenage heavy-metal loving delinquentsBeavis and Butt-Head
55.9%
Hollywood couple in the 1940's & '50s; he starred in Casablanca & The African Queen; she in The Big Sleep & Murder on the Orient ExpressBogart and Bacall
43.3%
Former 'All That' cast members & friends, they starred in their own self-titled Nickelodeon show (1996-2000)Kenan and Kel
42.9%
The 35th President of the U.S. and his wifeJohn and Jacqueline
42.4%
These British men formed an automobile partnership in 1904; one manufactured the luxury cars & the other sold themRolls and Royce
30.6%
The two sisters of Powerpuff girl Bubbles Buttercup and Blossom
24.7%
New Testament apostles who were brothers; sons of ZebedeeJames and John
21.2%
Characters in Highlights children's magazine; two contrasting boys; one is mean & rude, while the other is kind & polite; '_________slams the door; ________ closes it quietly'Goofus and Gallant
18.3%
Stage names of Swiss skaters who joined the Ice Follies in 1937 as comedy skaters, performing eccentric tricks; their names are now American slang for a pair who are inseparableFrick and Frack
15.3%
Lyricist & composer duo, known primarily for writing music for successful Broadway shows, including My Fair Lady, Camelot, & GigiLerner and Loewe
15.3%
M&M's candies were named after these two menMars and Murrie
1.9%

You're not logged in!

Compare scores with friends on all Sporcle quizzes.
OR
Log In

Sporcle TV

Today on Sporcle TV


Watch our educational content, quiz creation guides, and fun videos on Sporcle TV.

Show Comments

Extras

Top Quizzes Today


Score Distribution

Your Account Isn't Verified!

In order to create a playlist on Sporcle, you need to verify the email address you used during registration. Go to your Sporcle Settings to finish the process.

Report this User

Report this user for behavior that violates our Community Guidelines.

Details: